00813nam a2200217 a 450000100100000000500170001000800410002702000150006804000250008308200150010810000300012324500750015326000790022830000200030749000290032750000370035670000340039383000380042795201130046599900170057800004380720201002044958.0140506s1991 sp 000 0 spa d a8479690283 aDO-SdBNPbspacBNPHU axxxxbxxxx1 aMaupassant, Guy de97164310aCuentos de guerra /cGuy de Maupassant; traducción Esther Benítez. a[Madrid] :bCompañía Europea de Comunicación e Información,c1991. a94 p. ;c19 cm.1 aBiblioteca de El solv21 aIncluyenotas al pie de páginas12aBenítez, Estheretr.913796 0aBiblioteca de El sol ;v21970009 001050718MOaGRbGRcCTd2014-05-06iLF1l0oxxxx xxxxp43807-10r2020-06-25w2020-06-25y1ZNo se presta c43296d43296